000
00329nam a2200133Ia 4500
005
20260415143731.0
008
191201s2015 xx 000 0 und d
100
_a
RAMAMRUTHAM, S
245
0
_a
Theory of Structures
260
_c
2015
_b
Dhanpat Rai Pubns (P) Ltd
_a
New Delhi
300
_a
1272
650
_a
CIVIL
942
_2
ddc
_c
BB
999
_c
7678
_d
7678